<?xml version="1.0" encoding="UTF-8"?>
<record
    xmlns:xsi="http://www.w3.org/2001/XMLSchema-instance"
    xsi:schemaLocation="http://www.loc.gov/MARC21/slim http://www.loc.gov/standards/marcxml/schema/MARC21slim.xsd"
    xmlns="http://www.loc.gov/MARC21/slim">

  <leader>02217nam a22001937a 4500</leader>
  <controlfield tag="003">IT-RoPau</controlfield>
  <controlfield tag="005">20220918175935.0</controlfield>
  <controlfield tag="008">121110b        xxu||||| |||| 00| 0 eng d</controlfield>
  <datafield tag="040" ind1=" " ind2=" ">
    <subfield code="c">IT-RoPau</subfield>
  </datafield>
  <datafield tag="100" ind1=" " ind2=" ">
    <subfield code="a">Alberione Giacomo</subfield>
    <subfield code="q">Fondatore della Famiglia Paolina</subfield>
    <subfield code="9">26</subfield>
  </datafield>
  <datafield tag="245" ind1=" " ind2=" ">
    <subfield code="a">Prediche alle Pie Discepole del Divin Maestro.</subfield>
    <subfield code="b">Anno 1957 - numeri marginali: 207-214 nastro/a</subfield>
  </datafield>
  <datafield tag="250" ind1=" " ind2=" ">
    <subfield code="a">1&#xB0;</subfield>
  </datafield>
  <datafield tag="260" ind1=" " ind2=" ">
    <subfield code="a">Roma</subfield>
    <subfield code="b">PDDM</subfield>
    <subfield code="c">?1960?</subfield>
  </datafield>
  <datafield tag="300" ind1=" " ind2=" ">
    <subfield code="a">416</subfield>
    <subfield code="c">29,5 cm</subfield>
  </datafield>
  <datafield tag="490" ind1=" " ind2=" ">
    <subfield code="a">II,2</subfield>
    <subfield code="v">II,2</subfield>
  </datafield>
  <datafield tag="500" ind1=" " ind2=" ">
    <subfield code="a">Esercizi Spirituali tenuti alle "Capitolari" Pie Discepole del Divin Maestro in preparazione al 1&#xB0; Capitolo Generale </subfield>
  </datafield>
  <datafield tag="520" ind1=" " ind2=" ">
    <subfield code="a">Prefazione
44) Anno nuovo
45) Solennit&#xE0; dell' Epifania del Signore
46) Il fine della religiosa e della Pia Discep.
47) Il paradiso
48) La speranza
49) La retta intenzione
50) La virt&#xF9; della religione e il dono d. piet&#xE0;
51) L' umilt&#xE0;
52) Le costituz:Via facile,sicura,ncessaria
53) Vestizione( frammento)
54) Pericoli dopo la professione religiosa
55) L' apostolato del servizio sacerdotale
56) La vocazione religiosa
57) Lo scoraggiamento: cause-danni-rimedi
58) Il "Credo" ( art. 1-3)
59) Il "Credo" ( art. 4-8)
60) "Credo la Chiesa Cattolica" la comun. dei S.
61) "Credo la remissione dei peccati
62) "Credo la vita eterna
63) Lo spirito della Pia Discepola
64) Il progresso della congregazione
65) La contemplazione &#xE8; Lo studio
66) La natura d.congregazione " Pie Discepole2
67) Gli apostolati della P.D. nello spirito di M.
68) L' opera dello Spirito santo in noi
69) Maria, speranza nostra ( mese di Maggio) 
70) Solennit&#xE0; del Corpus Domini 
71) Camminare nel centro: in Cristo e nella Ch.
72) Indirizzo sui propositi
73) L' Eucaristia: Messa - comunione - adorazione 
74) La pesca miracolosa ( Domenica IV dopo Pent.
75) Il paradiso
76) Attenzione ai piccoli difetti e alle piccole 
77) La povert&#xE0;
78) La comunione dei santi
79) L' apostolato liturgico 
80) Maria SS. Immacolata e la vocazione d. P.D.
81) Vita di unione con Ges&#xF9;
82) La comunione, mezzo di unione con Ges&#xF9;
83) Lo spirito paolino ( Comm. a "Tametsi futura)
Indici
I - Indice analitico
II - Indice delle citazioni bibliche
III - Indice delle citazioni varie 
IV - Indice generale     </subfield>
  </datafield>
  <datafield tag="942" ind1=" " ind2=" ">
    <subfield code="2">ddc</subfield>
    <subfield code="c">BK</subfield>
  </datafield>
  <datafield tag="999" ind1=" " ind2=" ">
    <subfield code="c">37491</subfield>
    <subfield code="d">37491</subfield>
  </datafield>
  <datafield tag="952" ind1=" " ind2=" ">
    <subfield code="0">0</subfield>
    <subfield code="1">0</subfield>
    <subfield code="2">ddc</subfield>
    <subfield code="4">0</subfield>
    <subfield code="6">P_A1</subfield>
    <subfield code="7">1</subfield>
    <subfield code="a">PAULUS</subfield>
    <subfield code="b">PAULUS</subfield>
    <subfield code="d">2012-11-10</subfield>
    <subfield code="l">0</subfield>
    <subfield code="o">P A1</subfield>
    <subfield code="r">2012-11-10 00:00:00</subfield>
    <subfield code="w">2012-11-10</subfield>
    <subfield code="y">BK</subfield>
  </datafield>
</record>
